000 00666nam a2200229Ia 4500
003 OSt
005 20220918200803.0
006 a|||||r|||| 00| 0
007 ta
008 220917b |||||||| |||| 00| 0 eng d
024 _a90,220
037 _cTextual
040 _aARTS
_cARTS
_beng
041 _2eng
_aeng
082 _aU641:4, J8;1 (GE)
100 _aStefanssonb Vilhjalmur
_995504
245 0 _aNorthwest to fourtune
_b the search of western man for a commercially practical route to the far East
260 _c1958
650 _aGEOGRAPHY
942 _hU641:4, J8;1 (GE)
_cTEXL
_2CC
999 _c213887
_d213887